Bundestrainer des DFB - Statistiken

Allgemein
  • Dieses Quiz wurde 5.051 mal gespielt
    4.573 seit der letzten Aktualisierung
  • Das Durchschnittsergebnis liegt bei 7 aus 12
Antwortstatistiken
Amtszeit Trainer % Korrekt
2006-2021 Joachim Löw
99%
2023-heute Julian Nagelsmann
95%
2021-2023 Hans-Dieter Flick
90%
2004-2006 Jürgen Klinsmann
81%
1984-1990 Franz Beckenbauer
80%
2000-2004 & 2023 Rudi Völler
79%
1990-1998 Berti Vogts
46%
1936-1942 & 1950-1964 Sepp Herberger
42%
1964-1978 Helmut Schön
32%
1998-2000 Erich Ribbeck
30%
1978-1984 Jupp Derwall
20%
1926-1936 Otto Nerz
12%
Keine übereinstimmenden Quizze gefunden
Verteilung der Resultate
Anzahl Personen mit jedem Resultat
Perzentil nach korrekt beantworteten Fragen
Ihre Resultats-Entwicklung
Sie haben dieses Quiz seit der letzten Aktualisierung nicht gespielt